हृदय रोग : (Record no. 120631)
[ view plain ]
| 000 -LEADER | |
|---|---|
| fixed length control field | 01422nam a22002897a 4500 |
| 005 - DATE AND TIME OF LATEST TRANSACTION | |
| control field | 20170526153913.0 |
| 008 - FIXED-LENGTH DATA ELEMENTS--GENERAL INFORMATION | |
| fixed length control field | 170526b xxu||||| |||| 00| 0 eng d |
| 010 ## - LCCN (DPL NO) | |
| LC control number | A-976500 |
| 020 ## - INTERNATIONAL STANDARD BOOK NUMBER | |
| Terms of availability | 00.00 |
| International Standard Book Number | 8122301444 |
| 035 ## - SYSTEM CONTROL NUMBER | |
| System control number | A-976500 |
| 037 ## - SOURCE OF ACQUISITION | |
| Source of stock number/acquisition | Cen Lib/Ret |
| 040 ## - CATALOGING SOURCE | |
| Original cataloging agency | DPL |
| Language of cataloging | HN |
| 082 ## - DEWEY DECIMAL CLASSIFICATION NUMBER | |
| Classification number | 616.12 |
| 100 ## - MAIN ENTRY--PERSONAL NAME | |
| Personal name | सत्यपाल |
| 9 (RLIN) | 91670 |
| 245 ## - TITLE STATEMENT | |
| Title | हृदय रोग : |
| Statement of responsibility, etc | सत्यपाल [और] परवीन कुमार |
| Remainder of title | योग-आयुर्वेद एवं प्राकृतिक चिकित्सा द्वारा सफल निदान / |
| 246 ## - VARYING FORM OF TITLE | |
| Title proper/short title | Hridey rog : yog-ayurved evam prakritik chikitsa dwara safal nidaan / |
| Remainder of title | by Satypal [and] Parveen Kumar |
| 260 ## - PUBLICATION, DISTRIBUTION, ETC. (IMPRINT) | |
| Place of publication, distribution, etc | दिल्ली |
| Name of publisher, distributor, etc | पुस्तक महल |
| Date of publication, distribution, etc | 2000 |
| 270 ## - ADDRESS | |
| Address | 6686, खारी बावली |
| City | दिल्ली |
| Postal code | 110035 |
| 300 ## - PHYSICAL DESCRIPTION | |
| Extent | 112पृ. : |
| Dimensions | 21सेमी(सजिल्द) |
| Other physical details | सचित्र |
| 500 ## - GENERAL NOTE | |
| General note | अनुक्रमणिका शामिल |
| 650 ## - SUBJECT ADDED ENTRY--TOPICAL TERM | |
| Topical term or geographic name as entry element | हृदय रोग--उपचार |
| 9 (RLIN) | 48235 |
| 650 ## - SUBJECT ADDED ENTRY--TOPICAL TERM | |
| Topical term or geographic name as entry element | हृदय रोग--योग द्वारा उपचार |
| 9 (RLIN) | 91671 |
| 650 ## - SUBJECT ADDED ENTRY--TOPICAL TERM | |
| Topical term or geographic name as entry element | Heart Disease--Treatment |
| 9 (RLIN) | 91672 |
| 650 ## - SUBJECT ADDED ENTRY--TOPICAL TERM | |
| Topical term or geographic name as entry element | Cardiovascular disease--treatment by Yoga |
| 9 (RLIN) | 91673 |
| 700 ## - ADDED ENTRY--PERSONAL NAME | |
| Personal name | परवीन कुमार |
| 9 (RLIN) | 91674 |
| 942 ## - ADDED ENTRY ELEMENTS (KOHA) | |
| Source of classification or shelving scheme | Dewey Decimal Classification |
| Item type | Hindi Books |
| Classification part | 616.12 |
| Call number suffix | सत्यपा |
| Withdrawn status | Lost status | Source of classification or shelving scheme | Damaged status | Not for loan | Collection code | Home library | Current library | Date acquired | Cost, normal purchase price | Total Checkouts | Full call number | Barcode | Date last seen | Copy number | Cost, replacement price | Koha item type |
|---|---|---|---|---|---|---|---|---|---|---|---|---|---|---|---|---|
| Dewey Decimal Classification | Non-fiction | Central Library | Central Library | 23/09/2015 | 0.00 | 1 | 616.12 सत्यपा | A-976500 | 01/04/2017 | 1 | 0.00 | Hindi Books |
